| 000 | 01171nam a22003378i 4500 | ||
|---|---|---|---|
| 999 |
_c1198 _d1198 |
||
| 001 | 018188567 | ||
| 003 | Uk | ||
| 005 | 20220809091836.0 | ||
| 008 | 170118s2017 enka 000|0|eng|d | ||
| 015 |
_aGBB710513 _2bnb |
||
| 016 | 7 |
_a018188567 _2Uk |
|
| 020 | _a9780198399568 (pbk.) : | ||
| 040 |
_aStDuBDS _beng _cStDuBDS _erda _dKH8 |
||
| 082 | 0 | 4 |
_a650 DRA _223 |
| 100 | 1 |
_aDransfield, Robert, _d1952- _eauthor. |
|
| 245 | 1 | 0 |
_aEssential business studies for Cambridge IGCSE / _cRobert Dransfield, Terry Cook, Jane King. |
| 250 | _aSecond edition. | ||
| 263 | _a201701 | ||
| 264 | 1 |
_aOxford : _bOxford University Press, _c[2017?] |
|
| 300 |
_av, 186 pages : _billustrations (colour) ; _c27 cm |
||
| 336 |
_atext _2rdacontent |
||
| 336 |
_astill image _2rdacontent |
||
| 337 |
_aunmediated _2rdamedia |
||
| 338 |
_avolume _2rdacarrier |
||
| 500 | _aIncludes Internet access. | ||
| 650 | 0 |
_aBusiness _xExaminations _vStudy guides. |
|
| 650 | 0 |
_aInternational General Certificate of Secondary Education _vStudy guides. |
|
| 700 | 1 |
_aCook, Terry _c(Economics teacher), _eauthor. |
|
| 700 | 1 |
_aKing, Jane _c(Writer of economics textbooks), _eauthor. |
|
| 942 |
_2ddc _cNFIC |
||